Catálogo
Digital

Catálogo
Digital

Principios de electricidad y electrónica I (Record no. 12114)

MARC details
000 -CABECERA
campo de control de longitud fija 01327nam a2200313 4500
003 - IDENTIFICADOR DEL NÚMERO DE CONTROL
campo de control EC-UNACH
005 - FECHA Y HORA DE LA ÚLTIMA TRANSACCIÓN
campo de control 20240126122607.0
006 - CÓDIGOS DE INFORMACIÓN DE LONGITUD FIJA--CARACTERÍSTICAS DEL MATERIAL ADICIONAL
campo de control de longitud fija s||||gr|||| 00| 00
008 - DATOS DE LONGITUD FIJA--INFORMACIÓN GENERAL
campo de control de longitud fija 150116t9999 mx r gr 000 0 spa d
020 ## - NÚMERO INTERNACIONAL ESTÁNDAR DEL LIBRO
Número Internacional Estándar del Libro 978-607-7686-45-3
040 ## - FUENTE DE LA CATALOGACIÓN
Centro catalogador/agencia de origen EC-UNACH
Centro/agencia transcriptor EC-UNACH
041 ## - CÓDIGO DE LENGUA
Código de lengua del texto/banda sonora o título independiente Español
082 04 - NÚMERO DE LA CLASIFICACIÓN DECIMAL DEWEY
Número de edición 23
Número de clasificación 621.310.4
Número de documento/Ítem L015694
100 ## - ENTRADA PRINCIPAL--NOMBRE DE PERSONA
Nombre de persona Hermosa Donate, Antonio
245 ## - MENCIÓN DE TÍTULO
Título Principios de electricidad y electrónica I
250 ## - MENCIÓN DE EDICIÓN
Mención de edición Tercera edición
264 ## - Producción, publicación, distribución, fabricación y copyright
Lugar de producción, publicación, distribución, fabricación México
Nombre del de productor, editor, distribuidor, fabricante Alfaomega Grupo Editor, S.A.
Fecha de de producción, publicación, distribución, fabricación o copyright 2009
300 ## - DESCRIPCIÓN FÍSICA
Extensión 347 páginas,
Otras características físicas Figuras
Dimensiones 23 x 17 centímetros
501 ## - NOTA DE "CON"
Nota de “Con” Incluye índice general, apéndice
505 ## - NOTA DE CONTENIDO CON FORMATO
Nota de contenido con formato Principios fundamentales de la electricidad -- 2. El circuito eléctrico. Efectos y medidas de la corriente -- 3. Resistencia eléctrica -- 4. Introducción al cálculo de circuitos: Ley de Ohm -- 5. Métodos de análisis y cálculo de circuitos -- 6. Energía y potencia eléctrica 7. Condensadores. Principios básicos -- 8. Circuitos prácticos con condensadores -- 9. Generadores de electricidad. Conceptos básicos.
650 ## - PUNTO DE ACCESO ADICIONAL DE MATERIA--TÉRMINO DE MATERIA
Término de materia o nombre geográfico como elemento inicial LEY DE COULOMB
650 ## - PUNTO DE ACCESO ADICIONAL DE MATERIA--TÉRMINO DE MATERIA
Término de materia o nombre geográfico como elemento inicial CORRIENTE ALTERNA
650 ## - PUNTO DE ACCESO ADICIONAL DE MATERIA--TÉRMINO DE MATERIA
Término de materia o nombre geográfico como elemento inicial AMPERÍMETRO
650 ## - PUNTO DE ACCESO ADICIONAL DE MATERIA--TÉRMINO DE MATERIA
Término de materia o nombre geográfico como elemento inicial VOLTÍMETRO
942 ## - ELEMENTOS DE PUNTO DE ACCESO ADICIONAL (KOHA)
Fuente del sistema de clasificación o colocación Clasificación Decimal Dewey
Tipo de ítem Koha Libros
999 ## - NÚMEROS DE CONTROL DE SISTEMA (KOHA)
Koha biblionumber 12114
Holdings
Estado de pérdida Fuente del sistema de clasificación o colocación Estado dañado No para préstamo Localización permanente Ubicación/localización actual Ubicación en estantería Fecha de adquisición Número de inventario Total de préstamos Signatura topográfica completa Código de barras Fecha visto por última vez Número de copia Precio válido a partir de Tipo de ítem Koha Centro de costos
  Clasificación Decimal Dewey     Biblioteca Campus Norte Biblioteca Campus Norte Ingeniería en Electrónica y Telecomunicaciones 26/01/2024 323271   621.310.4 HER L015694 L015694 26/01/2024 01 26/01/2024 Libros  

Powered by Koha